| 000 | 00788nam a2200229 i 4500 | ||
|---|---|---|---|
| 003 | DO-SdBNP | ||
| 005 | 20230605112536.0 | ||
| 007 | ta | ||
| 008 | 230605b1954 mx ||||| |||| 00| 0 spa d | ||
| 040 |
_aDO-SdBNP _bspa _cBNPHU _erda |
||
| 082 | 4 | _222 | |
| 100 |
_915030 _aJardiel Poncela, Enrique, _d1901-1952 _eautor |
||
| 245 | 1 | 0 |
_aMáximas mínimas : _b541 aforismos sobre temas que, por noser actualidad, están siempre de actualidad y mesa revuelta / _cEnrique Jardiel Poncela |
| 264 | 1 |
_aMéxico : _bLatino Americana S.A, _c1954. |
|
| 300 |
_a249 páginas : _bilustraciones ; _c20 cm. |
||
| 336 |
_2rdacontent _atexto _btxt |
||
| 337 |
_2rdamedia _asin mediación _bn |
||
| 338 |
_2rdacarrier _avolumen _bnc |
||
| 590 | _aInventariado, 2023/BT | ||
| 910 | _aBtavárez | ||
| 942 |
_2ddc _cLBS1 |
||
| 999 |
_c53715 _d53715 |
||